| 000 | 00519nmm a2200169Ia 4500 | ||
|---|---|---|---|
| 008 | 251105s9999||||xx |||||||||||||||||und|| | ||
| 020 | _a9788493825638 | ||
| 041 | _aspa | ||
| 100 | _aÁlvarez Garrido, Ana | ||
| 245 | 0 | _aIdentidad personal y donación: la configuración del yo en la acción dramática | |
| 264 |
_a[Madrid, España] : _bEutelequia, _c2010 |
||
| 300 | _a414 páginas | ||
| 490 | _aEnsayo | ||
| 650 | _aPhilosophy, Ethics | ||
| 856 | _uhttps://public.digitaliapublishing.com/a/17479 | ||
| 942 | _cCF | ||
| 999 |
_c89247 _d89247 |
||